Informe sobre el estado y situación del sistema educativo: curso 1995-96
Kaydedildi:
| Müşterek Yazar: | |
|---|---|
| Materyal Türü: | Kitap |
| Dil: | İspanyolca |
| Baskı/Yayın Bilgisi: |
Madrid
Secretaría General Técnica
1997
|
| Konular: | |
| Etiketler: |
Etiketle
Etiket eklenmemiş, İlk siz ekleyin!
|
MARC
| LEADER | 00000nam a2200000 a 4500 | ||
|---|---|---|---|
| 001 | UCP6792 | ||
| 003 | CL-VaPUC | ||
| 008 | 991119e19970000SP |||||||||||||||||spa|d | ||
| 020 | |a 9701700600 | ||
| 082 | 0 | 4 | |a 379.1 |b MIN |2 21 |
| 110 | 2 | |a Ministerio de Educación y Cultura |e author |9 436081 | |
| 245 | 1 | 0 | |a Informe sobre el estado y situación del sistema educativo: curso 1995-96 |
| 300 | |a 506 p | ||
| 942 | |c BK | ||
| 945 | |d 19991119 00:00:00 |a rbrito | ||
| 260 | |a Madrid |b Secretaría General Técnica |c 1997 | ||
| 650 | 7 | |a ESTADISTICA EDUCATIVA |2 CL-VaPUC |9 307023 | |
| 651 | 0 | |a España |9 254926 | |
| 583 | |a last modification |c 19991119 00:00:00 |k Rodrigo Vera | ||
| 999 | |c 284227 |d 284225 | ||
| 952 | |0 0 |1 0 |4 0 |6 379_100000000000000_MIN_1997 |7 0 |8 A |9 328040 |a BIBEDU |b BIBEDU |d 2019-11-20 |i 3575357 |o 379.1 MIN 1997 |p 3575357 |r 2019-11-20 |w 2019-11-20 |y BK |k BME | ||
| 952 | |0 0 |1 0 |4 0 |6 379_100000000000000_MIN_1997 |7 0 |8 A |9 328041 |a BIBEDU |b BIBEDU |d 2019-11-20 |i 3644502 |o 379.1 MIN 1997 |p 3644502 |r 2019-11-20 |w 2019-11-20 |y BK |k BME | ||